| 000 -LEADER |
| fixed length control field |
01732cam a2200397 i 4500 |
| 001 - CONTROL NUMBER |
| control field |
(Sirsi) a985913 |
| 003 - CONTROL NUMBER IDENTIFIER |
| control field |
OSt |
| 005 - DATE AND TIME OF LATEST TRANSACTION |
| control field |
20230201081347.0 |
| 008 - FIXED-LENGTH DATA ELEMENTS--GENERAL INFORMATION |
| fixed length control field |
170125t20162016maua b 000 1 eng d |
| 020 ## - INTERNATIONAL STANDARD BOOK NUMBER |
| International Standard Book Number |
9780544651647 |
| Qualifying information |
(paperback) |
| 040 ## - CATALOGING SOURCE |
| Original cataloging agency |
YDXCP |
| Language of cataloging |
eng |
| Transcribing agency |
YDXCP |
| Modifying agency |
BTCTA |
| -- |
OCLCQ |
| -- |
TOH |
| -- |
MLY |
| -- |
NYP |
| -- |
OCLCO |
| -- |
ZHB |
| -- |
AZT |
| -- |
TAE |
| -- |
KH8 |
| Description conventions |
rda |
| 042 ## - AUTHENTICATION CODE |
| Authentication code |
nbic |
| 082 0# - DEWEY DECIMAL CLASSIFICATION NUMBER |
| Classification number |
813.6 FRE |
| 100 1# - MAIN ENTRY--PERSONAL NAME |
| Personal name |
Freitas, Bethany V, |
| Relator term |
author. |
| 245 10 - TITLE STATEMENT |
| Title |
Curious George discovers the stars / |
| Statement of responsibility, etc. |
adaptation by Bethany V. Freitas. |
| 260 ## - PUBLICATION, DISTRIBUTION, ETC. |
| Date of publication, distribution, etc. |
[2016] |
| 264 #1 - PRODUCTION, PUBLICATION, DISTRIBUTION, MANUFACTURE, AND COPYRIGHT NOTICE |
| Place of production, publication, distribution, manufacture |
Boston : |
| Name of producer, publisher, distributor, manufacturer |
Houghton Mifflin Harcourt, |
| Date of production, publication, distribution, manufacture, or copyright notice |
[2016] |
| 264 #4 - PRODUCTION, PUBLICATION, DISTRIBUTION, MANUFACTURE, AND COPYRIGHT NOTICE |
| Date of production, publication, distribution, manufacture, or copyright notice |
©2016. |
| 300 ## - PHYSICAL DESCRIPTION |
| Extent |
32 unnumbered pages : |
| Other physical details |
color illustrations ; |
| Dimensions |
21 x 26 cm. |
| 336 ## - CONTENT TYPE |
| Content type term |
text |
| Content type code |
txt |
| Source |
rdacontent. |
| 336 ## - CONTENT TYPE |
| Content type term |
still image |
| Content type code |
sti |
| Source |
rdacontent. |
| 337 ## - MEDIA TYPE |
| Media type term |
unmediated |
| Media type code |
n |
| Source |
rdamedia. |
| 338 ## - CARRIER TYPE |
| Carrier type term |
volume |
| Carrier type code |
nc |
| Source |
rdacarrier. |
| 500 ## - GENERAL NOTE |
| General note |
"Based on the TV series teleplay written by Raye Lankford." |
| 500 ## - GENERAL NOTE |
| General note |
Curious George and related characters are created by Margret and H.A. Rey. |
| 520 ## - SUMMARY, ETC. |
| Summary, etc. |
"George loves summer nights in the country that's where he does his best stargazing. When his friend Bill says that nobody knows how many stars there are, George is determined to count! But how will he keep track? Come along as George learns all about stars, constellations, and the night sky"--Publisher. |
| 521 1# - TARGET AUDIENCE NOTE |
| Target audience note |
Ages 4-7. |
| 650 #0 - SUBJECT ADDED ENTRY--TOPICAL TERM |
| Topical term or geographic name entry element |
Curious George (Fictitious character) |
| Form subdivision |
Juvenile fiction. |
| 650 #0 - SUBJECT ADDED ENTRY--TOPICAL TERM |
| Topical term or geographic name entry element |
Monkeys |
| Form subdivision |
Juvenile fiction. |
| 650 #0 - SUBJECT ADDED ENTRY--TOPICAL TERM |
| Topical term or geographic name entry element |
Stars |
| Form subdivision |
Juvenile fiction. |
| 700 1# - ADDED ENTRY--PERSONAL NAME |
| Personal name |
Lankford, Raye, |
| Relator term |
writer. |
| 700 1# - ADDED ENTRY--PERSONAL NAME |
| Personal name |
Rey, Margret. |
| 700 1# - ADDED ENTRY--PERSONAL NAME |
| Personal name |
Rey, H. A. |
| Fuller form of name |
(Hans Augusto), |
| Dates associated with a name |
1898-1977, |
| Relator term |
creator. |
| 730 0# - ADDED ENTRY--UNIFORM TITLE |
| Uniform title |
Curious George (Television program) |
| 942 ## - ADDED ENTRY ELEMENTS (KOHA) |
| Source of classification or shelving scheme |
|
| Koha item type |
Books - Non Ficton |